000 00308nam a22001337a 4500
008 171025b xxu||||| |||| 00| 0 eng d
020 _a025684068
041 _aeng
080 _a336.2
100 _a55
101 _aTAK
245 _aFEDRAL TAXES AND MANAGEMENT DICISIONS
_cJONES.S.M
942 _2udc
_cBK
999 _c35899
_d35899